000
nam a22 7a 4500
999
_c
51644
_d
51644
003
OSt
005
20220412152744.0
008
220412b xxu||||| |||| 00| 0 eng d
040
_c
SEROSOFT
100
_a
BARE ACT
245
_a
THE CONSTITUTION OF INDIA
260
_a
ALP
300
_a
251
942
_2
ddc
_c
01